000 02136nam a2200385 a 4500
003 CHAP
005 20240524123708.0
007 ta
008 220809s2020 mx eobdfr|||| 001 0 spa d
040 _amxchpua
090 _aT.C.845
_bL67 EIUPA
_c2020
245 1 0 _aPrácticas de campo, EIUPA, en la empresa Gualanday Traders S.A.S. en el municipio de Andes, Departamento de Antioquia, Colombia /
_ccoordinadores Vicente López Bautista y Víctor Rivera Salvador ; colaboradores Laura Arriaga Chino...[y otros]
260 _aChapingo, México :
_bEl autor,
_c2020
300 _a132 hojas :
_bilustraciones, gráficas, mapas, diagramas, tablas, planos, fotos +
_e1 CD-ROM
336 _2rdacontent
_atexto
_btxt
337 _2rdamedia
_ano mediado
_bn
338 _2rdacarrier
_avolumen
_bnc
500 _aGrado: 7° año Grupo: 04
502 _aViaje de Estudios
_b(EIUPA) --
_cUACh. Departamento de Ingeniería Agroindustrial,
_d2020
504 _aBibliografía: hojas 98-100
505 0 _aContiene 6 planos : -- 1. Plano de Distribución de equipos (Esc. 1:200) -- 2. Plano de Distribución de áreas del proceso (Esc. 1:200) -- 3. Plano de Diagrama de flujo -- 4. Plano de Diagrama de recorrido (Esc. 1:150) -- 5. Plano de Distribución de áreas (Esc. 1:375) -- 6. Plano DTI
650 1 3 _aProductos del café
_xOrganización industrial y estructura de mercado
_zColombia
_zAntioquia
650 1 3 _aProductos del café
_xCalidad del producto
650 1 3 _aCafé
_xIndustria y comercio
_zColombia
650 1 3 _aCoffea arabica
_zColombia
650 1 3 _aSemillas de café
_xCalidad de los cultivos
650 1 3 _aCoffee products
_xIndustrial organization and market structure
_zColombia
_zAntioquia
650 1 3 _aCoffee products
_xProduct quality
650 1 3 _aCoffee
_xIndustry and trade
_zColombia
650 1 3 _aCoffee beans
_xCrop quality
700 1 _aLópez Bautista, Vicente
_ecoordinador
_967700
700 1 _aRivera Salvador, Víctor
_ecoordinador
_9152488
700 1 _9185326
_aArriaga Chino, Laura
_ecolaboradora
856 4 1 _uhttp://10.13.5.2/ve/T_C_845_EIUPA/T_C_845_EIUPA_2019_REPORTE.pdf
_yDESCARGAR REPORTE
999 _c217587
_d217587